Statistics for US Cities by Change in Population

Click here to take the quiz!

General Stats

  • This quiz has been taken 28 times
  • The average score is 15 of 20

Answer Stats

ChangeCity% Correct
21.34%Miami
96%
17.51%Phoenix
92%
18.39%San Antonio
92%
28.25%Seattle
92%
22.54%Austin
88%
15.15%Dallas
88%
13.44%Portland
88%
22.03%Atlanta
83%
22.58%Charlotte
83%
21.68%Denver
83%
13.24%Las Vegas
83%
22.74%Tampa
75%
14.35%Boston
63%
18.61%Raleigh
63%
19.11%Washington, DC
63%
24.53%Fort Worth
58%
14.10%Minneapolis
54%
15.55%Colorado Springs
50%
19.65%Mesa
33%
16.60%Columbus
29%

Score Distribution

Percentile by Number Answered

Percent of People with Each Score

Your Score History

You have not taken this quiz